| 000 | 00736nam a22002057a 4500 | ||
|---|---|---|---|
| 003 | OSt | ||
| 005 | 20140310182124.0 | ||
| 008 | 130828t xxu||||| |||| 00| 0 eng d | ||
| 020 | _a0312063997 | ||
| 020 | _a9780312063993 | ||
| 050 |
_aF 852.3 _b.L48 1992 |
||
| 082 |
_aHS 971 _bLe56 1991 |
||
| 245 |
_aLet's go : the budget guide to the pacific Northwest, Western Canada, & Alaska 1992 / _cTim Whitmire, editor; Blythe N. Grossberg, Assistant editor; written by Harvard Student Agencies. |
||
| 260 |
_aNew York : _bSt. Martin's Press, _c1991. |
||
| 300 |
_a455 p. ; _c21 cm. |
||
| 650 |
_aCanada _xDescription and travel _xguidebooks _914232 |
||
| 651 |
_aAlaska Description & travel _xGuidebooks _914233 |
||
| 942 | _2lcc | ||
| 999 |
_c9588 _d9588 |
||